| 000 | 00675nam a2200205Ia 4500 | ||
|---|---|---|---|
| 003 | GCL | ||
| 008 | 140319s9999 xx 000 0 ara d | ||
| 040 |
_aGCL / _cGCL |
||
| 082 | 0 | 4 |
_a155.23 _bل ش |
| 100 | 1 | _aمحمد عثمان نجاتى (مراجع) | |
| 245 | 1 | 0 |
_aالشخصية / _cمحمد عثمان نجاتى (مراجع) |
| 700 | 1 | _aلازاروس، ريتشارد، س . | |
| 700 | 1 | _aسيد محمد غنيم | |
| 260 |
_aالقاهرة : _bدار الشروق ، _c1993 |
||
| 300 |
_a275ص ؛ _c24سم |
||
| 490 |
_aمكتبة اصول علم النفس الحديث _v0 |
||
| 650 | 0 | 4 | _aعلم النفس |
| 650 | 0 | 4 | _aالشخصية |
| 942 |
_2ddc _cBK |
||
| 999 |
_c53508 _d53508 |
||